Catalog

Record Details

Catalog Search



Náhradní rodinná péče : průvodce pro odborníky, osvojitele a pěstouny  Cover Image Book Book

Náhradní rodinná péče : průvodce pro odborníky, osvojitele a pěstouny / Zdeněk Matějček a kol.

Record details

  • ISBN: 80-7178-304-8
  • Physical Description: 183 s. ; 23 cm
  • Edition: Vyd. 1.
  • Publisher: Praha : Portál, 1999

Content descriptions

General Note:
Na hřbetě označení sv. 6
Obsahuje související právní předpisy
Bibliography, etc. Note:
Bibliografie na s. 168-173
Subject: náhradní rodinná péče
adopce > psychologické aspekty
adopce > sociální aspekty
adoptivní rodina
interpersonální vztahy
foster home care
adoption > psychological aspects
adoption > social aspects
adoptive family
interpersonal relations
Genre: populárně-naučné publikace
popular works

Available copies

  • 0 of 1 copy available at Common Catalog SPOK.

Holds

  • 0 current holds with 1 total copy.
Show Only Available Copies
Location Call Number / Copy Notes Barcode Shelving Location Status Due Date
Jabok Library Ped-8.2.2/M 424480004333 Odborná literatura Checked out 08.09.2025

LDR 01894nam a2200517 a 4500
0017616
003CZ-PrJAB
00520220516100532.0
007tu
008990428s1999 xr e 000 0 cze
015 . ‡acnb000657120
020 . ‡a80-7178-304-8 ‡q(brož.) : ‡cKč 165,00
035 . ‡a(CZ PrNK)cpk19990657120
035 . ‡a(OCoLC)43954350
040 . ‡aABA001 ‡bcze
072 7. ‡a364-1/-7 ‡xDruhy sociální pomoci a služeb ‡2Konspekt ‡918
080 . ‡a364-782.4 ‡2MRF
080 . ‡a364-782.44 ‡2MRF
080 . ‡a159.9 ‡2MRF
080 . ‡a304 ‡2MRF
080 . ‡a316.356.2-058.855 ‡2MRF
080 . ‡a316.472.4 ‡2MRF
080 . ‡a(0.062) ‡2MRF
1001 . ‡aMatějček, Zdeněk, ‡d1922-2004 ‡7jk01080640 ‡4aut
24510. ‡aNáhradní rodinná péče : ‡bprůvodce pro odborníky, osvojitele a pěstouny / ‡cZdeněk Matějček a kol.
250 . ‡aVyd. 1.
260 . ‡aPraha : ‡bPortál, ‡c1999
300 . ‡a183 s. ; ‡c23 cm
500 . ‡aNa hřbetě označení sv. 6
500 . ‡aObsahuje související právní předpisy
504 . ‡aBibliografie na s. 168-173
65007. ‡anáhradní rodinná péče ‡7ph123400 ‡2czenas
65007. ‡aadopce ‡7ph118259 ‡xpsychologické aspekty ‡2czenas
65007. ‡aadopce ‡7ph118259 ‡xsociální aspekty ‡2czenas
65007. ‡aadoptivní rodina ‡7ph118260 ‡2czenas
65007. ‡ainterpersonální vztahy ‡7ph114786 ‡2czenas
65009. ‡afoster home care ‡2eczenas
65009. ‡aadoption ‡xpsychological aspects ‡2eczenas
65009. ‡aadoption ‡xsocial aspects ‡2eczenas
65009. ‡aadoptive family ‡2eczenas
65009. ‡ainterpersonal relations ‡2eczenas
655 7. ‡apopulárně-naučné publikace ‡7fd131864 ‡2czenas
655 9. ‡apopular works ‡2eczenas
910 . ‡aABG312
901 . ‡a7616 ‡bUnknown ‡c7616 ‡tbiblio

Additional Resources